| 000 | 00897nam a2200289 a 4500 | ||
|---|---|---|---|
| 001 | 36303 | ||
| 003 | BD-RjUL | ||
| 005 | 20211209052452.0 | ||
| 008 | 140619s1972 maua b 001 0 eng | ||
| 020 | _a0395126495 | ||
| 035 | _a(BD-RjUL)36400 | ||
| 040 |
_aLC _beng _cLC _dLC _dBD-RjUL |
||
| 041 | _aeng | ||
| 082 | 0 | 0 |
_a320.952 _219 _bMCP 1972 |
| 100 | 1 |
_aMcNelly, Theodore. _9110481 |
|
| 245 | 1 | 0 |
_aPolitics and government in Japan / _cTheodore McNelly. |
| 250 | _a2d ed. | ||
| 260 |
_aBoston : _bHoughton Mifflin, _c1972. |
||
| 300 |
_ax, 276 p. : _bill. ; _c21 cm. |
||
| 490 | 0 | _aContemporary government series | |
| 500 | _a1963 ed. published under title: Contemporary government of Japan. | ||
| 504 | _aIncludes bibliographical references and index. | ||
| 651 | 0 |
_aJapan _xPolitics and government _y1945- _96180 |
|
| 942 |
_2ddc _cBK |
||
| 999 |
_c36303 _d36303 |
||